Introductory polymer chemistry / (Record no. 18848)
[ view plain ]
| 000 -LEADER | |
|---|---|
| fixed length control field | 01063nam a22003375a 4500 |
| 001 - CONTROL NUMBER | |
| control field | 4833819 |
| 005 - DATE AND TIME OF LATEST TRANSACTION | |
| control field | 20240818092948.0 |
| 008 - FIXED-LENGTH DATA ELEMENTS--GENERAL INFORMATION | |
| fixed length control field | 901011r20101993ii adk fr2b 001 0 eng d |
| 010 ## - | |
| -- | 90021092 |
| 020 ## - INTERNATIONAL STANDARD BOOK NUMBER | |
| International Standard Book Number | 0470217200 (J. Wiley & Sons) |
| 020 ## - INTERNATIONAL STANDARD BOOK NUMBER | |
| International Standard Book Number | 8122404715 (Wiley Eastern Ltd.) |
| 020 ## - INTERNATIONAL STANDARD BOOK NUMBER | |
| International Standard Book Number | 9788122404715 |
| 040 ## - CATALOGING SOURCE | |
| Original cataloging agency | EG-ScBUE |
| Language of cataloging | eng |
| Transcribing agency | EG-ScBUE |
| 082 04 - DEWEY DECIMAL CLASSIFICATION NUMBER | |
| Classification number | 547.7 |
| Edition number | 22 |
| Item number | MIS |
| 100 1# - MAIN ENTRY--PERSONAL NAME | |
| Personal name | Misra, G. S. |
| Fuller form of name | (Gauri Shankar) |
| 9 (RLIN) | 37092 |
| 245 10 - TITLE STATEMENT | |
| Title | Introductory polymer chemistry / |
| Statement of responsibility, etc | G. S. Misra. |
| 260 ## - | |
| -- | New Delhi : |
| -- | New Age International, |
| -- | 2010. |
| 300 ## - PHYSICAL DESCRIPTION | |
| Extent | xx, 253 p. : |
| Other physical details | charts, forms, tables ; |
| Dimensions | 25 cm. |
| 336 ## - CONTENT TYPE | |
| Source | rdacontent |
| Content type term | text |
| Content type code | txt |
| 337 ## - MEDIA TYPE | |
| Media type term | unmediated |
| Source | rdamedia |
| Media type code | n |
| 338 ## - CARRIER TYPE | |
| Carrier type term | volume |
| Carrier type code | nc |
| Source | rdacarrier |
| 500 ## - GENERAL NOTE | |
| General note | Index : p. 249-253. |
| 500 ## - GENERAL NOTE | |
| General note | Reprint of the 1993 ed. |
| 590 ## - LOCAL NOTE (RLIN) | |
| Local note | Mohamed Hussein |
| 650 #0 - SUBJECT ADDED ENTRY--TOPICAL TERM | |
| Topical term or geographic name as entry element | Polymers |
| 9 (RLIN) | 5875 |
| Source of heading or term | BUEsh |
| 650 #0 - SUBJECT ADDED ENTRY--TOPICAL TERM | |
| Topical term or geographic name as entry element | Polymerization |
| 9 (RLIN) | 6762 |
| Source of heading or term | BUEsh |
| 651 ## - SUBJECT ADDED ENTRY--GEOGRAPHIC NAME | |
| Source of heading or term | BUEsh |
| 653 ## - INDEX TERM--UNCONTROLLED | |
| Resource For college | Engineering, Chemical |
| Arrived date list | August2015 |
| 655 ## - INDEX TERM--GENRE/FORM | |
| Form subdivision | |
| 9 (RLIN) | 34232 |
| 942 ## - ADDED ENTRY ELEMENTS (KOHA) | |
| Source of classification or shelving scheme | Dewey Decimal Classification |
| Call number prefix | 547.7 MIS |
| Classification part | RDA-MOD |
| Withdrawn status | Lost status | Source of classification or shelving scheme | Damaged status | Not for loan | Collection code | Home library | Current library | Shelving location | Date acquired | Source of acquisition | Cost, normal purchase price | Serial Enumeration / chronology | Total Checkouts | Full call number | Barcode | Checked out | Date last seen | Date checked out | Cost, replacement price | Price effective from | Koha item type |
|---|---|---|---|---|---|---|---|---|---|---|---|---|---|---|---|---|---|---|---|---|---|
| Dewey Decimal Classification | Baccah | Central Library | Central Library | First floor | 11/01/2015 | 166.00 | 21291 | 1 | 547.7 MIS | 000037266 | 16/11/2017 | 17/10/2017 | 17/10/2017 | 208.00 | 11/01/2015 | Book - Borrowing |